000 00970nam a2200229Ia 4500
003 OSt
005 20251216143245.0
008 221004b |||||||| |||| 00| 0 hin d
020 _a9789380172378 (pbk)
037 _cTB
040 _aCRL
_cCRL
_bhin
041 _2hin
_ahin
084 _aVv 152Q0
_qCRL
100 _aवर्मा, लाल बहादुर
_9857055
245 0 _aइतिहास :
_b क्यांे - क्या - कैसे
246 _aItihāsa: kyāane - kyā - kaise
260 _aदिल्ली:
_bविश्वविद्यालय हिन्दी माध्यम कार्यान्वय निदेशालय भारत,
_c1999.
300 _a134पृ0
_ccm.
650 _aविश्व-इतिहास
_9857056
942 _hVv 152Q0
_cTB
_2CC
_n0
999 _c1013588
_d1013588